LEADER 01200nam a2200313 a 4500 001 000000155413 003 CaOOAMICUS 005 20161024134653.0 008 161024s2002 it u000 u ita r 020 $a88-8474-028-2* 032 $aLibriCat 040 $aPUL$bita 082 04$a940 100 1 $aCardini, Franco,$d1940-$0(OLS)http://pul/name/5528 245 10$aEuropa :$ble radici cristiane /$cFranco Cardini. 260 $aRimini :$bIl Cerchio,$cİ2002. 300 $a216 p. ;$c21 cm. 490 1 $aLa bottega di Eraclito 504 $aBibliografia p. 211-216. 651 4$aEuropa$xConcetto$xStoria.$0(OLS)http://pul/subject/39216 830 3$aLa bottega di Eraclito.$0(OLS)http://pul/title/150292 850 $aPUL 852 $aPUL$W1$xSL Cons. Gen., Altre Classi 3$y75$m940 CARFR 1$j178528$qDDC 21$B181714$CPULBib$Z2$F181714 $H128242 $81 941 1 $a9 996 $6020$a88-8474-028-2*$9(OLS)http://pul/number/161395 996 $6082$a940$9(OLS)http://pul/classification/551 996 $6245$aEuropa :$ble radici cristiane$9(OLS)http://pul/title/195079 996 $6260$aRimini :$bIl Cerchio$9(OLS)http://pul/publisher/74328 LEADER 01180nam a2200301 a 4500 001 000000127245 003 CaOOAMICUS 005 20120123103909.0 008 120123s2011 it u000 u ita r 020 $a978-88-399-0455-3 040 $aPUL$bita 245 00$aAntologia del Novecento teologico /$cRosino Gibellini (ed.) 260 $aBrescia :$bQueriniana,$cİ2011. 300 $a373 p. ;$c23 cm 490 1 $aBiblioteca di teologia contemporanea ;$v155 500 $aInclude indice. 504 $aBibliografia in nota. 650 4$aTeologia$ySec. XX.$0(OLS)http://pul/subject/1844 700 1 $aGibellini, Rosino,$d1926-$0(OLS)http://pul/name/11017 830 0$aBiblioteca di teologia contemporanea ;$v155.$0(OLS)http://pul/title/7472 850 $aPUL 852 $aPUL$W1$xSL Religione 3$y85$m200 BTC 1.155$j147146$qDDC 21$B145842$CPULBib$Z2$F145842 $H118555 $82 941 1 $a9 983 0$aBTC. 996 $6020$a978-88-399-0455-3$9(OLS)http://pul/number/148580 996 $6245$aAntologia del Novecento teologico$9(OLS)http://pul/title/160765 996 $6260$aBrescia :$bQueriniana$9(OLS)http://pul/publisher/47906